00585nam a2200181Ia 4500008004000000020001700040082001500057100002000072245003800092250000500130260003400135300001900169650003100188690002900219906001100248999001900259952012500278210210b1998 xxu||||| |||| 00| 0 eng d a007 115605 4 a658.4 LUTO aLUTHANS (Fred). aOrganisational behaviour. Ed 8. a aNew York.bMcGraw Hill,c1998 axxiii,667,I-20 aOrganisational Behaviour  aOrganisational Behaviour a053880 c101810d101810 001040708ManagementaALbALcManagementd2021-02-17g0.00l0o658.4 LUTOp053880r2021-02-17 00:00:00w2021-02-17yBK